000 00703nam a2200253Ia 4500
008 180523s9999 xx 000 0 und d
020 _a0-471-47654-4
050 _aMAIN TX 911.3
050 _b.M3R45 2006
100 _aReid, Robert D.
245 0 _aHospitality marketing management /
245 0 _cRobert D. Reid, David C. Bojanic.
250 _a4th Edition
260 _aNew Jersey :
260 _bJohn Wiley & Sons,
260 _c2006
300 _a626 pages ;
300 _bcolored illustrations ;
300 _c28 cm.
500 _aIncludes index.
650 _aHospitality industry -- Marketing.
650 _aRestaurants -- Marketing.
650 _xFood service -- Marketing.
999 _c357799
_d357799